|
|
|
|
| LEADER |
00000nas a2200000 a 4500 |
| 001 |
ssj0000494588 |
| 003 |
WaSeSS |
| 005 |
20200512172242.0 |
| 006 |
m d |
| 007 |
cr n |
| 008 |
110513d20112014ua ar p s 0 0eng |
| 010 |
|
|
|a 2011243642
|
| 016 |
7 |
|
|a 101560640
|2 DNLM
|
| 016 |
7 |
|
|a 019258033
|2 Uk
|
| 022 |
|
|
|y 2090-4371
|
| 035 |
|
|
|a (WaSeSS)ssj0000494588
|
| 040 |
|
|
|a DNLM
|b eng
|c S4S
|d NLM
|d Z5A
|d CUS
|d OCLCF
|d OCLCO
|d NLM
|d CUS
|d OCLCQ
|d OCLCO
|d OCLCQ
|d AU@
|d OCLCO
|d UAB
|d OCLCQ
|d UKMGB
|d OCLCA
|d WaSeSS
|
| 042 |
|
|
|a pcc
|
| 050 |
1 |
4 |
|a RK1
|
| 060 |
1 |
0 |
|a W1
|
| 210 |
1 |
0 |
|a ISRN Dent
|2 dnlm
|
| 245 |
0 |
0 |
|a ISRN dentistry
|h [electronic resource].
|
| 260 |
|
|
|a Cairo :
|b Hindawi Pub. Corp.
|
| 260 |
|
|
|a New York, NY :
|b Hindawi Publishing Corporation,
|c [2011-2014]
|
| 310 |
|
|
|a Annual
|
| 362 |
1 |
|
|a Began with Volume 2011; ceased on July 1, 2014.
|
| 506 |
|
|
|a License restrictions may limit access.
|
| 515 |
|
|
|a Articles added consecutively to each annual volume.
|
| 580 |
|
|
|a Merged with other individual subject-based journals of the ISRN series to form International Scholarly Research Notices in mid 2014.
|
| 588 |
|
|
|a Description based on: Volume 2011, Article ID 806928; title from PDF caption (publisher's Web site, viewed October xx, 2014).
|
| 588 |
|
|
|a Latest issue consulted: Volume 2014, Article ID 759326 (viewed October 1, 2014).
|
| 650 |
|
0 |
|a Dentistry
|v Periodicals.
|
| 650 |
1 |
2 |
|a Dentistry.
|
| 650 |
|
7 |
|a Dentistry.
|2 fast
|0 (OCoLC)fst00890633
|
| 655 |
|
0 |
|a Electronic journals.
|
| 710 |
2 |
|
|a International Scholarly Research Network.
|
| 787 |
0 |
|
|t International scholarly research notices
|x 2356-7872
|w (DLC) 2014222076
|w (OCoLC)888051655
|
| 856 |
4 |
0 |
|z Full text available from Research Library: 01/01/2011 to 01/31/2014
|u https://search.proquest.com/publication/686343
|